000 00270nam a2200109Ia 4500
005 20251222143119.0
008 251222s9999||||xx |||||||||||||| ||spa||
082 _a843.91/L21S
100 _a"Lamartine, Alfonso de "
245 0 _aEl solitario de Saint-Point
942 _cLIB
999 _c11476
_d11476